| 000 | 00000nam##2200000za#4500 |
| 001 | 9.687731 |
| 003 | CaOODSP |
| 005 | 20210624231116 |
| 007 | cr ||||||||||| |
| 008 | 150407|2005||||xxc|||||o f|0| 0 eng|d |
| 040 | |aCaOODSP|beng |
| 043 | |an-cn--- |
| 086 | 1 |aV32-29/2005E-PDF |
| 110 | 1 |aCanada. |bVeterans Affairs Canada. |
| 245 | 14|aThe 1942 Dieppe raid |h[electronic resource] |
| 246 | 3 |aRemambrance series |
| 260 | |aCharlottetown - Prince Edward Island : |bVeterans Affairs Canada |c2005. |
| 300 | |a22p.|btable, photographs |
| 500 | |aThe catalogue number (V32-29/2005) and ISBN (0-662-68723-X) for the bilingual print edition have been incorrectly copied in the PDF edition in English. |
| 520 | 3 |aThis educational booklet tells the story of the Allied forces’ ill-fated raid on Dieppe, France, on August 19, 1942. Part of a collection of printed materials commemorating the Year of the Veteran, it is intended to honour and celebrate the service and sacrifice of Canadian veterans in the 20th century. Contains a data table, a historical map, and photographs, as well as data on the size of each participating Canadian unit, including the number of fatal casualties. |
| 590 | |a05-34|b2005-08-26 |
| 690 | 07|aMilitary history|2gcpds |
| 690 | 07|aWorld war, 1939-1945|2gcpds |
| 775 | 08|tLe raid de Dieppe, 1942 |w(CaOODSP)9.632175 |
| 856 | 40|ahttp://publications.gc.ca|qPDF|s847 KB|uhttps://publications.gc.ca/collections/Collection/V32-29-2005E.pdf |